Statistics for Top Movie Apps

Click here to take the quiz!

General Stats

  • This quiz has been taken 17 times
    (12 since last reset)
  • The average score is 7 of 22

Answer Stats

Answer% Correct
Netflix
100%
Disney+
92%
Hulu
67%
Prime Video
58%
HBO Max
50%
Paramount+
50%
Apple TV
42%
Peacock
42%
Starz
33%
Tubi
33%
Pluto TV
25%
Discovery+
17%
ESPN
17%
Vudu
17%
Blu-Ray
8%
Dreamworks
8%
NBC
8%
Nickelodeon
8%
TBS
8%
Universal
8%
Sony
0%
Warner Bros
0%

Score Distribution

Percentile by Number Answered

Percent of People with Each Score

Your Score History

You have not taken this quiz since the last reset